[Event "URS-ch FL45"]
[Site "Baku"]
[Date "1977.??.??"]
[Round "2"]
[White "Gulko, Boris F"]
[Black "Tseshkovsky, Vitaly"]
[Result "1-0"]
[WhiteElo "2585"]
[BlackElo "2590"]
[PlyCount "61"]
[EventDate "1977.??.??"]
[EventType "tourn"]
[EventRounds "17"]
[EventCountry "URS"]
[EventCategory "10"]
[Source "ChessBase"]

1. e4 c5 2. Nf3 d6 3. c3 Nf6 4. Bd3 g6 5. Bc2 Bg7 6. d4 cxd4 7. cxd4 O-O 8. O-O
Bg4 9. Nbd2 Nc6 10. h3 Bxf3 11. Nxf3 Rc8 12. Be3 Nd7 13. Qe2 Nb6 14. Rad1 Qd7
15. d5 Nb4 16. Bb3 Na4 17. Bd4 Nc5 18. Bxg7 Kxg7 19. Bc4 Nba6 20. e5 Qc7 21.
Rd4 dxe5 22. Nxe5 Qd6 23. Re1 Nb8 24. Qe3 h5 25. Be2 Rh8 26. Bf3 b5 27. Nc6
Nxc6 28. dxc6 Qf6 29. Rf4 Qd6 30. Qc3+ f6 31. Rd4 1-0

[Event "Phillips&Drew"]
[Site "London"]
[Date "1982.??.??"]
[Round "?"]
[White "Geller, Efim P"]
[Black "Miles, Anthony J"]
[Result "0-1"]
[WhiteElo "2575"]
[BlackElo "2575"]
[PlyCount "121"]
[EventDate "1982.04.??"]
[EventType "tourn"]
[EventRounds "13"]
[EventCountry "ENG"]
[EventCategory "14"]
[Source "ChessBase"]

1. e4 c5 2. Nf3 d6 3. c3 Nf6 4. d3 Nc6 5. Nbd2 e6 6. g3 Be7 7. Bg2 O-O 8. O-O
Bd7 9. Re1 Re8 10. Nf1 Rc8 11. a3 b6 12. b4 Ne5 13. Nxe5 dxe5 14. Qb3 Qc7 15.
Bb2 b5 16. Ne3 a5 17. Rac1 Red8 18. c4 cxb4 19. cxb5 Qa7 20. a4 Bc5 21. Bf3 Be8
22. Kg2 Nd7 23. Rc4 Bxe3 24. Rxe3 Qb8 25. Rxc8 Rxc8 26. d4 Kf8 27. dxe5 Nxe5
28. Be2 Nd7 29. Qd1 Nc5 30. Qd4 f6 31. e5 f5 32. Bd1 Qb7+ 33. Bf3 Qe7 34. b6
Bxa4 35. Re1 Bc6 36. Bxc6 Rxc6 37. Bc1 Nb3 38. Qe3 Nxc1 39. Rxc1 Rxc1 40. Qxc1
Qb7+ 41. f3 Qxb6 42. Qc8+ Ke7 43. Qg8 b3 44. Qxg7+ Ke8 45. Qg8+ Kd7 46. Qf7+
Kc6 47. Qxe6+ Kc5 48. Qxf5 Qg6 49. Qc8+ Qc6 50. Qf5 a4 51. Qd3 Kb6 52. Qe3+ Qc5
53. Qh6+ Kb5 54. e6 Qe5 55. Qxh7 Qxe6 56. Qb7+ Kc4 57. Qa8 Kb4 58. Qf8+ Kc3 59.
Qa3 Qe2+ 60. Kh3 Qf1+ 61. Kh4 0-1

[Event "Tilburg"]
[Site "Tilburg"]
[Date "1985.09.03"]
[Round "6"]
[White "Romanishin, Oleg M"]
[Black "Kortschnoj, Viktor"]
[Result "1/2-1/2"]
[WhiteElo "2590"]
[BlackElo "2630"]
[PlyCount "55"]
[EventDate "1985.08.??"]
[EventType "tourn"]
[EventRounds "14"]
[EventCountry "NED"]
[EventCategory "15"]
[Source "ChessBase"]

1. e4 c5 2. Nf3 d6 3. c3 Nf6 4. Be2 e6 5. O-O Be7 6. d3 O-O 7. Bg5 b6 8. Nbd2
Bb7 9. Re1 Nbd7 10. Bf1 Ne5 11. d4 Nxf3+ 12. Qxf3 cxd4 13. cxd4 Nd5 14. Bxe7
Nxe7 15. Rac1 Nc6 16. Qe3 Rc8 17. Nf3 Qf6 18. a3 Ne7 19. Nd2 e5 20. d5 Rxc1 21.
Rxc1 Rc8 22. Rc3 Ng6 23. a4 Qd8 24. a5 Rxc3 25. bxc3 Ne7 26. Nc4 Nc8 27. axb6
Nxb6 28. Nxb6 1/2-1/2

[Event "Reggio Emilia 8586"]
[Site "Reggio Emilia"]
[Date "1985.??.??"]
[Round "5"]
[White "Romanishin, Oleg M"]
[Black "Kavalek, Lubomir"]
[Result "1/2-1/2"]
[WhiteElo "2570"]
[BlackElo "2555"]
[PlyCount "33"]
[EventDate "1985.12.??"]
[EventType "tourn"]
[EventRounds "11"]
[EventCountry "ITA"]
[EventCategory "13"]
[Source "ChessBase"]

1. e4 c5 2. Nf3 d6 3. c3 Nf6 4. Be2 e6 5. O-O Be7 6. Re1 O-O 7. Bf1 b6 8. d4
Bb7 9. Nbd2 Nbd7 10. a3 a5 11. b3 d5 12. e5 Ne4 13. Bb2 f5 14. c4 Kh8 15. cxd5
Bxd5 16. Nc4 cxd4 17. Bxd4 1/2-1/2

[Event "URS-ch FL56"]
[Site "Simferopol"]
[Date "1988.??.??"]
[Round "?"]
[White "Romanishin, Oleg M"]
[Black "Tukmakov, Vladimir B"]
[Result "0-1"]
[WhiteElo "2550"]
[BlackElo "2590"]
[PlyCount "72"]
[EventDate "1988.11.??"]
[EventType "tourn"]
[EventRounds "17"]
[EventCountry "URS"]
[EventCategory "10"]
[Source "ChessBase"]

1. e4 c5 2. Nf3 d6 3. c3 Nf6 4. Be2 g6 5. O-O Bg7 6. Bb5+ Bd7 7. Bxd7+ Nfxd7 8.
d4 O-O 9. Be3 Nc6 10. h3 b5 11. Nbd2 a5 12. Qe2 b4 13. d5 Na7 14. Rac1 Qb6 15.
Rfe1 Nb5 16. Nc4 Qa6 17. Bd2 Nc7 18. a4 e6 19. cxb4 axb4 20. dxe6 Nxe6 21. b3
Rfd8 22. Be3 Nf6 23. e5 Ne4 24. exd6 Nxd6 25. Nxd6 Qxd6 26. Red1 Nd4 27. Bxd4
cxd4 28. Rc4 d3 29. Qe3 Ra5 30. Re4 Bc3 31. Nd2 Bxd2 32. Qxd2 Rc5 33. Qxb4 d2
34. Rc4 Re5 35. Qc3 Re2 36. g3 Qd5 0-1

[Event "Biel"]
[Site "Biel"]
[Date "1989.??.??"]
[Round "?"]
[White "Torre, Eugenio"]
[Black "De Firmian, Nick E"]
[Result "1/2-1/2"]
[WhiteElo "2560"]
[BlackElo "2595"]
[PlyCount "82"]
[EventDate "1989.07.??"]
[EventType "tourn"]
[EventRounds "14"]
[EventCountry "SUI"]
[EventCategory "14"]
[Source "ChessBase"]

1. e4 c5 2. Nf3 d6 3. c3 g6 4. Be2 Nf6 5. O-O Bg7 6. Re1 O-O 7. Bf1 Nc6 8. a3
Bg4 9. h3 Bxf3 10. Qxf3 Nd7 11. Qd1 Rb8 12. a4 a6 13. Na3 Qc7 14. d3 b5 15.
axb5 axb5 16. d4 cxd4 17. Nxb5 Qb6 18. cxd4 Nxd4 19. Be3 e5 20. b4 Ra8 21. Qd2
Rxa1 22. Rxa1 Nf6 23. Nxd4 exd4 24. Bxd4 Nxe4 25. Bxb6 Nxd2 26. Rd1 Nxf1 27.
Kxf1 Rb8 28. Ba5 Bf8 29. Rd5 f5 30. b5 Kf7 31. Bc7 Ke6 32. Bxb8 Kxd5 33. Ba7
Bg7 34. Be3 f4 35. Bxf4 Kc5 36. b6 Kxb6 37. Bxd6 Kc6 38. Bb4 Kd5 39. Ke2 Ke6
40. Kd3 Be5 41. g4 Bc7 1/2-1/2

[Event "Biel"]
[Site "Biel"]
[Date "1989.??.??"]
[Round "?"]
[White "Torre, Eugenio"]
[Black "Hellers, Ferdinand"]
[Result "1-0"]
[WhiteElo "2560"]
[BlackElo "2560"]
[PlyCount "79"]
[EventDate "1989.07.??"]
[EventType "tourn"]
[EventRounds "14"]
[EventCountry "SUI"]
[EventCategory "14"]
[Source "ChessBase"]

1. e4 c5 2. Nf3 d6 3. c3 Nf6 4. Be2 g6 5. O-O Bg7 6. Re1 O-O 7. Bf1 Nc6 8. Na3
e5 9. d3 h6 10. g3 Re8 11. Bg2 Rb8 12. Nc2 b5 13. Ne3 Be6 14. Nd2 Qd7 15. Nd5
Bg4 16. Bf3 Bh3 17. Nxf6+ Bxf6 18. Nf1 Bg7 19. Ne3 Ne7 20. Bg4 Bxg4 21. Qxg4
Qxg4 22. Nxg4 h5 23. Ne3 Red8 24. a4 a6 25. axb5 axb5 26. Ra7 Kf8 27. Nc2 Ra8
28. Rb7 Rab8 29. Rxb8 Rxb8 30. Bg5 f6 31. Be3 Ra8 32. Na3 Rb8 33. Ra1 Ke8 34.
Nc2 Nc6 35. Ra6 Kd7 36. d4 cxd4 37. cxd4 exd4 38. Nxd4 Nxd4 39. Ra7+ Ke6 40.
Rxg7 {Zeitüberschreitung} 1-0

[Event "Hamburg SKA"]
[Site "Hamburgo"]
[Date "1991.??.??"]
[Round "?"]
[White "Khalifman, Alexander"]
[Black "Piket, Jeroen"]
[Result "1/2-1/2"]
[WhiteElo "2640"]
[BlackElo "2550"]
[PlyCount "124"]
[EventDate "1991.06.??"]
[EventType "tourn"]
[EventRounds "13"]
[EventCountry "GER"]
[EventCategory "11"]
[Source "ChessBase"]

1. e4 c5 2. Nf3 d6 3. c3 Nf6 4. Be2 Nbd7 5. d3 g6 6. O-O Bg7 7. Re1 O-O 8. Bf1
a6 9. a4 b6 10. d4 Qc7 11. h3 Bb7 12. d5 e5 13. c4 a5 14. Nc3 Rae8 15. g3 Kh8
16. h4 Nb8 17. Bh3 Bc8 18. Nb5 Qe7 19. Bxc8 Rxc8 20. Bg5 h6 21. Bxf6 Bxf6 22.
Qd2 Kg7 23. Kg2 Qd7 24. Rh1 Be7 25. h5 g5 26. Nc3 f5 27. exf5 Rxf5 28. Nh2 Rcf8
29. Ne4 Na6 30. Qe2 Nc7 31. Ra3 Ne8 32. Ng4 Bd8 33. Qd1 R5f7 34. Re3 Nf6 35.
Nexf6 Bxf6 36. b3 Bd8 37. Qe2 Rf5 38. Qc2 Qf7 39. Kg1 Qg8 40. Qe4 Qh7 41. Kg2
Qg8 42. Kf1 Qf7 43. Rh2 Be7 44. Ke2 Bd8 45. Kd3 Be7 46. Kc2 Bd8 47. Kb2 Be7 48.
Ka2 Bd8 49. Ka3 Be7 50. Rh1 Bd8 51. Rd1 Be7 52. Rde1 Bd8 53. Rg1 Be7 54. Rf1
Bd8 55. Rd3 Be7 56. Rh1 Bd8 57. Rc3 Be7 58. Re3 Bd8 59. Rh2 Be7 60. Kb2 Bd8 61.
Rd3 Be7 62. Kc2 Bd8 1/2-1/2

[Event "London m2 blitz"]
[Site "London"]
[Date "1993.??.??"]
[Round "?"]
[White "Azmaiparashvili, Zurab"]
[Black "Kasparov, Garry"]
[Result "0-1"]
[WhiteElo "2655"]
[BlackElo "2805"]
[PlyCount "78"]
[EventDate "1993.??.??"]
[EventType "match (blitz)"]
[EventRounds "2"]
[EventCountry "ENG"]
[Source "ChessBase"]
[SourceDate "2001.11.25"]

1. e4 c5 2. Nf3 d6 3. c3 Nf6 4. Be2 Nbd7 5. Qc2 Qc7 6. O-O b6 7. c4 Bb7 8. Nc3
e6 9. d4 cxd4 10. Nxd4 a6 11. Be3 Be7 12. Rac1 O-O 13. f3 Rac8 14. Rfd1 Rfe8
15. Bf1 Qb8 16. Qf2 Bd8 17. Rc2 Bc7 18. g3 Bd8 19. b3 h6 20. g4 Ne5 21. h3 Ng6
22. Bc1 Nd7 23. Bg2 b5 24. cxb5 axb5 25. Ndxb5 d5 26. Be3 Bh4 27. Qf1 Ba6 28.
a4 Nf6 29. Rdc1 Nf4 30. Ba7 Qe5 31. Bd4 Qg5 32. exd5 exd5 33. Kh1 Rc6 34. Rd1
Rce6 35. Rcc1 Bg3 36. Bf2 Qh4 37. Rc2 h5 38. Kg1 hxg4 39. fxg4 Nxg4 0-1

[Event "UKR-chT"]
[Site "Alushta"]
[Date "1994.??.??"]
[Round "?"]
[White "Sokolov, Andrei"]
[Black "Shneider, Aleksandr"]
[Result "1-0"]
[WhiteElo "2555"]
[BlackElo "2570"]
[PlyCount "80"]
[EventDate "1994.??.??"]
[EventType "team"]
[EventRounds "6"]
[EventCountry "UKR"]
[Source "ChessBase"]
[SourceDate "1996.11.15"]

1. e4 c5 2. Nf3 d6 3. c3 Nf6 4. Be2 g6 5. O-O Bg7 6. Re1 O-O 7. Bf1 Bg4 8. h3
Bxf3 9. Qxf3 Nc6 10. d3 Nd7 11. Qd1 b5 12. a3 a5 13. d4 cxd4 14. Bxb5 Qb6 15.
a4 Rfc8 16. Ra3 Nc5 17. Bg5 h6 18. Bh4 Rc7 19. Bxc6 Qxc6 20. cxd4 Nxe4 21. Nc3
Nf6 22. Nb5 Rd7 23. Rc3 Qb7 24. Bxf6 Bxf6 25. Qc2 d5 26. Ree3 Kg7 27. Rc6 Ra6
28. Rc8 Ra8 29. Rc5 e6 30. Rec3 Re8 31. Rc6 Qb8 32. Rf3 Rb7 33. Nd6 Rxb2 34.
Qxb2 Qxb2 35. Nxe8+ Kf8 36. Nxf6 Qxd4 37. Rc8+ Ke7 38. Rc7+ Kd6 39. Ne8+ Ke5
40. Re3+ Kf5 1-0

[Event "Bundesliga 9495"]
[Site "Germany"]
[Date "1994.??.??"]
[Round "?.1"]
[White "Lutz, Christopher"]
[Black "Dokhoian, Yury"]
[Result "0-1"]
[WhiteElo "2580"]
[BlackElo "2580"]
[PlyCount "106"]
[EventDate "1994.10.08"]
[EventType "team"]
[EventRounds "15"]
[EventCountry "GER"]
[Source "ChessBase"]
[SourceDate "1999.07.01"]
[WhiteTeam "Porz"]
[BlackTeam "Bochum"]
[WhiteTeamCountry "GER"]
[BlackTeamCountry "GER"]

1. e4 c5 2. Nf3 d6 3. c3 Nf6 4. Be2 Nbd7 5. d3 b6 6. O-O Bb7 7. Re1 e6 8. Nbd2
Be7 9. b3 O-O 10. Bb2 Re8 11. Bf1 e5 12. g3 Bf8 13. a3 Qc7 14. c4 g6 15. Bh3
Bh6 16. Nh4 Qd8 17. Ng2 Nh5 18. Rf1 Nf8 19. Nb1 Ne6 20. Nc3 Ng5 21. Bg4 Nf6 22.
f4 exf4 23. gxf4 Nxg4 24. Qxg4 Ne6 25. f5 Nd4 26. Nd5 Bxd5 27. cxd5 Qg5 28. Qh3
Bg7 29. Kh1 Qh6 30. Qg4 Be5 31. Nh4 Qd2 32. Qg2 Qxg2+ 33. Kxg2 g5 34. Bxd4 Bxd4
35. Nf3 Bxa1 36. Rxa1 h6 37. a4 a6 38. h4 f6 39. h5 b5 40. a5 c4 41. Nd4 cxb3
42. Rb1 Rec8 43. Nc6 Rxc6 44. dxc6 Rc8 45. Rxb3 Rxc6 46. Kf3 Kf7 47. Rb2 Ke7
48. Ke3 Kd7 49. Kd4 Rc1 50. Kd5 Ra1 51. d4 Rxa5 52. Rc2 b4+ 53. Kc4 Rb5 0-1

[Event "Hoogovens"]
[Site "Wijk aan Zee"]
[Date "1996.01.17"]
[Round "4"]
[White "Adams, Michael"]
[Black "Ivanchuk, Vassily"]
[Result "1/2-1/2"]
[WhiteElo "2660"]
[BlackElo "2735"]
[PlyCount "44"]
[EventDate "1996.01.??"]
[EventType "tourn"]
[EventRounds "13"]
[EventCountry "NED"]
[EventCategory "17"]
[Source "ChessBase"]

1. e4 c5 2. Nf3 d6 3. c3 Nf6 4. Be2 g6 5. O-O Bg7 6. Bb5+ Nc6 7. d4 Bd7 8. Qe2
a6 9. Bxc6 Bxc6 10. d5 Bd7 11. Rd1 O-O 12. e5 dxe5 13. Nxe5 Bf5 14. c4 Qc7 15.
Nc3 Rad8 16. Nf3 h6 17. Be3 e6 18. Qd2 Ne4 19. Nxe4 Bxe4 20. Bxh6 Bxh6 21. Qxh6
Bxf3 22. gxf3 exd5 1/2-1/2

[Event "Nussloch"]
[Site "Nussloch"]
[Date "1996.??.??"]
[Round "9"]
[White "Hickl, Joerg"]
[Black "Huebner, Robert"]
[Result "1/2-1/2"]
[WhiteElo "2580"]
[BlackElo "2635"]
[PlyCount "99"]
[EventDate "1996.05.??"]
[EventType "tourn"]
[EventRounds "11"]
[EventCountry "GER"]
[EventCategory "15"]
[Source "ChessBase"]

1. e4 c5 2. Nf3 d6 3. c3 Nf6 4. Be2 g6 5. O-O Bg7 6. d3 O-O 7. Nbd2 Nc6 8. Re1
b6 9. a3 Qc7 10. Bf1 Bb7 11. b4 Nd7 12. Qb3 e6 13. Bb2 d5 14. d4 c4 15. Qa4 b5
16. Qc2 Nb6 17. g3 a5 18. Bg2 axb4 19. axb4 Rxa1 20. Bxa1 Ra8 21. e5 f6 22.
exf6 Bxf6 23. Bb2 Re8 24. Nf1 e5 25. Bc1 e4 26. Bf4 Qg7 27. N3d2 Na4 28. Nb1
Rd8 29. Qc1 Nxc3 30. Nxc3 Nxb4 31. Bh6 Qd7 32. Rd1 Nd3 33. Qe3 b4 34. Ne2 c3
35. Ra1 Qc6 36. Nc1 Nxc1 37. Rxc1 Qb6 38. Bh3 Bc8 39. Bxc8 Rxc8 40. Nd2 Bxd4
41. Qg5 Qe6 42. Nb3 Bf6 43. Qe3 d4 44. Nxd4 Qc4 45. Ne2 b3 46. Qb6 Rc6 47. Qb8+
Rc8 48. Qb6 Rc6 49. Qb8+ Rc8 50. Qb6 1/2-1/2

[Event "Balatonbereny GM"]
[Site "Balatonbereny"]
[Date "1996.??.??"]
[Round "10"]
[White "Romanishin, Oleg M"]
[Black "Stangl, Markus"]
[Result "1/2-1/2"]
[WhiteElo "2590"]
[BlackElo "2565"]
[PlyCount "182"]
[EventDate "1996.06.13"]
[EventType "tourn"]
[EventRounds "11"]
[EventCountry "HUN"]
[EventCategory "11"]
[Source "ChessBase"]

1. e4 c5 2. Nf3 d6 3. c3 Nf6 4. g3 Nc6 5. d3 g6 6. Bg2 Bg7 7. O-O O-O 8. Na3
Rb8 9. Nc2 b5 10. Re1 b4 11. cxb4 Nxb4 12. Nxb4 Rxb4 13. a3 Rb6 14. Rb1 Bg4 15.
Bd2 Qb8 16. b4 Nd7 17. bxc5 Nxc5 18. Be3 Rc8 19. h3 Bd7 20. Nd2 Bb5 21. Bf1 Ba6
22. Rxb6 Qxb6 23. Qb1 Bb2 24. Qa2 Qb7 25. Rb1 Na4 26. Qb3 Qxb3 27. Nxb3 Rc3 28.
Na5 Rxa3 29. Nc6 Kf8 30. Nb4 Bb5 31. Bxa7 Rb3 32. Nd5 Bxd3 33. Bxd3 Rxd3 34.
Be3 e6 35. Nb6 Nxb6 36. Rxb2 Nc4 37. Bh6+ Ke7 38. Bg5+ Ke8 39. Rb8+ Kd7 40.
Rb7+ Kc6 41. Ra7 Ra3 42. Re7 Rb3 43. Kg2 Rb7 44. Re8 Kc5 45. Be3+ Kb4 46. g4
Kc3 47. Rd8 h5 48. gxh5 gxh5 49. h4 Rb5 50. Bf4 d5 51. exd5 Rxd5 52. Rf8 Rf5
53. Bg5 Nb6 54. Rb8 Nd5 55. Ra8 f6 56. Bh6 Kd4 57. Ra4+ Ke5 58. Ra5 Kd6 59.
Ra6+ Ke7 60. Ra7+ Ke8 61. Bd2 Ne7 62. Ra8+ Kf7 63. Ra7 Rb5 64. Bc1 Ke8 65. Ra8+
Kd7 66. Ra7+ Kd8 67. Ra6 Rb1 68. Be3 Kd7 69. Ra7+ Ke8 70. Ra8+ Kd7 71. Ra7+ Kd6
72. Bc5+ Kxc5 73. Rxe7 Kd6 74. Rf7 Rb4 75. Rxf6 Rxh4 76. Rg6 Ke5 77. Kg3 Kf5
78. Rg8 Ra4 79. Rf8+ Ke5 80. Rh8 Rg4+ 81. Kf3 Rg5 82. Ke3 Kf5 83. Rh6 Kg4 84.
Rxe6 h4 85. Re4+ Kh3 86. f4 Rg8 87. Kf3 Rg1 88. Re2 Rg3+ 89. Ke4 Rg2 90. Rxg2
Kxg2 91. f5 h3 1/2-1/2

[Event "Bad Homburg"]
[Site "Bad Homburgo"]
[Date "1997.08.03"]
[Round "9"]
[White "Lutz, Christopher"]
[Black "Alterman, Boris"]
[Result "1/2-1/2"]
[WhiteElo "2590"]
[BlackElo "2615"]
[PlyCount "40"]
[EventDate "1997.07.26"]
[EventType "tourn"]
[EventRounds "9"]
[EventCountry "GER"]
[EventCategory "14"]
[Source "ChessBase"]
[SourceDate "1997.10.13"]

1. e4 c5 2. Nf3 d6 3. c3 Nf6 4. Be2 g6 5. O-O Bg7 6. Bb5+ Bd7 7. Bxd7+ Qxd7 8.
Re1 O-O 9. d4 cxd4 10. cxd4 d5 11. e5 Ne4 12. Nbd2 Nxd2 13. Bxd2 Nc6 14. Rc1
Rfc8 15. h3 Nd8 16. Qb3 Ne6 17. Be3 a6 18. a4 Rab8 19. Red1 h5 20. Ne1 Bf8
1/2-1/2

[Event "Hoogovens"]
[Site "Wijk aan Zee"]
[Date "1998.01.22"]
[Round "6"]
[White "Adams, Michael"]
[Black "Gelfand, Boris"]
[Result "1/2-1/2"]
[WhiteElo "2670"]
[BlackElo "2675"]
[PlyCount "38"]
[EventDate "1998.01.16"]
[EventType "tourn"]
[EventRounds "13"]
[EventCountry "NED"]
[EventCategory "17"]
[Source "ChessBase"]
[SourceDate "1998.04.09"]

1. e4 c5 2. Nf3 d6 3. c3 Nf6 4. Be2 Bd7 5. Qc2 Qc7 6. O-O g6 7. d4 cxd4 8. Nxd4
Nc6 9. Be3 d5 10. Nb5 Qb8 11. Rd1 dxe4 12. Nd2 Bf5 13. Nd4 Bg7 14. Bb5 Qc7 15.
Qa4 Bd7 16. Nxc6 bxc6 17. Be2 Nd5 18. Qxe4 Bf5 19. Qf3 Nxe3 1/2-1/2

[Event "Saitek US Masters"]
[Site "Hawaii"]
[Date "1998.07.28"]
[Round "8"]
[White "Benjamin, Joel"]
[Black "Wolff, Patrick G"]
[Result "1/2-1/2"]
[WhiteElo "2595"]
[BlackElo "2575"]
[PlyCount "118"]
[EventDate "1998.07.??"]
[EventType "swiss"]
[EventRounds "9"]
[EventCountry "USA"]
[Source "ChessBase"]
[SourceDate "1998.11.10"]

1. e4 c5 2. Nf3 d6 3. c3 Nf6 4. Be2 g6 5. O-O Bg7 6. Bb5+ Bd7 7. Bxd7+ Qxd7 8.
Re1 O-O 9. d4 Na6 10. Bf4 Rac8 11. Qd2 cxd4 12. cxd4 d5 13. exd5 Nxd5 14. Bh6
Bxh6 15. Qxh6 f6 16. Qd2 Nab4 17. Nc3 Nxc3 18. bxc3 Nd5 19. Rac1 Rc4 20. Re4
Rfc8 21. Rce1 Rxc3 22. Qh6 R8c6 23. h3 Rc2 24. Nh4 f5 25. Re5 e6 26. Nxg6 Qg7
27. Qxg7+ Kxg7 28. Nh4 Kf6 29. Nxf5 Rxa2 30. Nh6 Rca6 31. R1e4 b5 32. Ng4+ Kf7
33. Rh5 b4 34. Ne5+ Ke8 35. Rh6 Kd8 36. Rg4 Kc7 37. Rg7+ Kb6 38. Rxe6+ Kb5 39.
Rxa6 Rxa6 40. Rb7+ Nb6 41. Rc7 Na4 42. Nd3 b3 43. Kf1 b2 44. Nxb2 Nxb2 45. Rb7+
Rb6 46. Rxa7 h6 47. Rc7 Kb4 48. d5 Nd3 49. Rc6 Kb5 50. Rxb6+ Kxb6 51. Ke2 Nb4
52. Kf3 Kc5 53. Ke4 Kd6 54. Kf5 Nxd5 55. g3 Ke7 56. Kg6 Nc3 57. f3 Ne2 58. g4
Nf4+ 59. Kxh6 Nxh3 1/2-1/2

[Event "Haifa act"]
[Site "Haifa"]
[Date "1998.??.??"]
[Round "?"]
[White "Kosashvili, Yona"]
[Black "Gelfand, Boris"]
[Result "0-1"]
[WhiteElo "2580"]
[BlackElo "2675"]
[PlyCount "52"]
[EventDate "1998.11.??"]
[EventType "tourn (rapid)"]
[EventRounds "14"]
[EventCountry "ISR"]
[EventCategory "16"]
[Source "ChessBase"]
[SourceDate "2001.11.25"]

1. e4 c5 2. Nf3 d6 3. c3 Nf6 4. Be2 Bd7 5. d3 g6 6. Nbd2 Bg7 7. d4 O-O 8. O-O
cxd4 9. cxd4 Nc6 10. d5 Nb4 11. a3 Na6 12. Re1 Nc5 13. Bf1 a5 14. a4 Rc8 15.
Ra3 Nxa4 16. Nb3 Ng4 17. Qd2 Qb6 18. Nfd4 Ra8 19. h3 Ne5 20. Nc2 Rfc8 21. Ne3
Bb5 22. Nd4 Bxf1 23. Kxf1 Nc5 24. f3 Ncd3 25. Rxd3 Nxd3 26. Qxd3 Qxd4 0-1

[Event "Dordrecht FPO"]
[Site "Dordrecht"]
[Date "1999.??.??"]
[Round "7"]
[White "Timman, Jan H"]
[Black "Shirov, Alexei"]
[Result "1/2-1/2"]
[WhiteElo "2649"]
[BlackElo "2726"]
[PlyCount "66"]
[EventDate "1999.??.??"]
[EventType "swiss (rapid)"]
[EventRounds "17"]
[EventCountry "NED"]
[Source "ChessBase"]
[SourceDate "1999.11.16"]

1. e4 c5 2. Nf3 d6 3. c3 Nf6 4. Be2 g6 5. O-O Bg7 6. Bb5+ Bd7 7. Bxd7+ Qxd7 8.
Re1 Nc6 9. d4 cxd4 10. cxd4 d5 11. e5 Ne4 12. Nc3 Nxc3 13. bxc3 O-O 14. h4 Rac8
15. h5 Na5 16. Qd3 Qc6 17. hxg6 fxg6 18. Bd2 Nc4 19. Rac1 Rxf3 20. gxf3 Qe6 21.
Kg2 Rf8 22. Rh1 Qf5 23. Qxf5 Rxf5 24. Be3 e6 25. Bh6 Bxh6 26. Rxh6 Rg5+ 27. Kf1
Kg7 28. Rh1 Rf5 29. Ke2 b6 30. Rh3 Rf7 31. Rch1 Kg8 32. Rb1 Na3 33. Rb3 Nc4
1/2-1/2

[Event "Foxwoods op"]
[Site "Mashantucket"]
[Date "1999.04.04"]
[Round "6"]
[White "Fedorowicz, John P"]
[Black "Novikov, Igor A"]
[Result "1/2-1/2"]
[WhiteElo "2574"]
[BlackElo "2601"]
[PlyCount "49"]
[EventDate "1999.04.??"]
[EventType "swiss"]
[EventRounds "7"]
[EventCountry "USA"]
[Source "ChessBase"]
[SourceDate "1999.11.16"]

1. e4 c5 2. Nf3 d6 3. c3 Nf6 4. Bd3 Nc6 5. Bc2 Bg4 6. d3 e6 7. Nbd2 Be7 8. h3
Bh5 9. Nf1 d5 10. Ng3 Bg6 11. Nh4 dxe4 12. Nxg6 hxg6 13. Nxe4 Qc7 14. Qf3 Rd8
15. Bf4 Ne5 16. O-O-O Nd5 17. Bxe5 Qxe5 18. Ba4+ Kf8 19. g3 Qf5 20. Qg2 Nb6 21.
Bb3 g5 22. Kb1 g6 23. Bc2 Kg7 24. f3 Nd5 25. Qe2 1/2-1/2

[Event "CCA ChessWise op"]
[Site "Stratton Mountain"]
[Date "1999.06.12"]
[Round "2"]
[White "Fedorowicz, John P"]
[Black "Akopian, Vladimir"]
[Result "1-0"]
[WhiteElo "2574"]
[BlackElo "2640"]
[PlyCount "45"]
[EventDate "1999.06.??"]
[EventType "swiss"]
[EventRounds "9"]
[EventCountry "USA"]
[Source "ChessBase"]
[SourceDate "1999.11.16"]

1. e4 c5 2. Nf3 d6 3. c3 Nf6 4. Bd3 g6 5. Bc2 Bg7 6. d4 cxd4 7. cxd4 O-O 8. h3
Nc6 9. O-O e5 10. d5 Nd4 11. Nxd4 exd4 12. Nd2 Re8 13. Re1 Bd7 14. Nf3 Rc8 15.
Bd3 Qb6 16. a4 a5 17. Rb1 Re7 18. Bf4 Rce8 19. Qc2 h6 20. Nd2 Rc8 21. Qd1 Rce8
22. Qc2 Rc8 23. Qd1 1-0

[Event "YUG-chT 52nd"]
[Site "Novi Sad"]
[Date "2000.09.04"]
[Round "11"]
[White "Damljanovic, Branko"]
[Black "Zvjaginsev, Vadim"]
[Result "1/2-1/2"]
[WhiteElo "2559"]
[BlackElo "2634"]
[PlyCount "68"]
[EventDate "2000.08.24"]
[EventType "team"]
[EventRounds "11"]
[EventCountry "YUG"]
[Source "ChessBase"]
[SourceDate "2000.11.22"]
[WhiteTeam "Agrouniverzal"]
[BlackTeam "Milicionar"]
[WhiteTeamCountry "YUG"]
[BlackTeamCountry "YUG"]

1. e4 c5 2. Nf3 d6 3. c3 Nf6 4. h3 g6 5. Bd3 Bg7 6. O-O O-O 7. Bc2 e5 8. Re1
Re8 9. d3 b6 10. Nbd2 Bb7 11. Nf1 h6 12. Ne3 Nbd7 13. a4 a6 14. Bb3 b5 15. Ba2
Nf8 16. Nh2 h5 17. Nf3 Ne6 18. Nc2 Nh7 19. Na3 Qd7 20. Bd2 Bc6 21. Qc2 Qb7 22.
Rad1 Rab8 23. axb5 axb5 24. b4 Ra8 25. Bc1 cxb4 26. cxb4 d5 27. Bb3 dxe4 28.
dxe4 Nd4 29. Nxd4 exd4 30. f3 Nf8 31. Qf2 Bd7 32. Bd5 Bc6 33. Bb3 Bd7 34. Bd5
Bc6 1/2-1/2